000 00670nam a2200169Ia 4500
008 090201s9999 xx 000 0 und d
010 _aKPL-64629
040 _bमराठी
041 _aमराठी
082 _a33194
_b64629
100 _aअमरेंद्र गाडगीळ
245 _aश्रीरामकोश खंड 2 भाग 2 पुस्तक दुसरे
_cअमरेंद्र गाडगीळ
260 _c2004
_bश्रीराम कोश मंडळ
300 _a139
_bमोठा
600 _aश्रीरामकोश खंड 2 भाग 2 पुस्तक दुसरे
942 _cBOOK
999 _c231462
_d231462